00314nam a2200133Ia 45000030006000000080041000060400015000471000019000622450050000812500011001312600009001425460012001510050017001630STCL150530s9999 xx 000 0 und d aSTCLcSTCL aFisher; Editor aAmerican literature of the nineteenth century aSecond c1970 aEnglish20220125171337.0